000 00661ngm a2200301 a 4500
003 OSt
005 20251020182701.0
008 240217s9999 xx 000 0 und d
040 _aPE SENCICO BE
040 _cPE SENCICO BE
041 _aspa
082 _aM010
245 0 _aLa Calidad en la industria, experiencia japonesa /
245 0 _cS.N.I.
260 _aLima
260 _bS.N.I.
260 _c1992
300 _a1 VIDEO
300 _bson., Col.
300 _c35'
490 _aCALIDAD EMPRESARIAL
511 _aItoh, Yuzuru
650 _aCALIDAD
650 _aEMPRESAS
650 _aJAPON
910 _aila.
942 _cVID
_2ddc
999 _c4825
_d4825